000 00928nam a2200277Ia 4500
999 _c53741
_d53741
001 20789
003 GE_BSU
005 20221114105727.0
008 181216s2013||||enk|||||||||||||| ||eng||
020 _a9781782540281x
040 _cGE_BSU
080 _a339.9 J-76
100 _aJovanovic, Miroslav N.
_911206
245 4 _aThe Economics of European Integration /
_cMiroslav N. Jovanovic.
250 _aSecond edition
264 _aCheltenham :
_bEdward Elgar Publishing,
_c2013.
300 _a1028 p. ;
_c25 cm.
500 _aBibl. : p. 964-1000 ; Index. : p. 1001-1028
541 _h181
653 _aThe Economics of European Integration
653 _aЭкономика
653 _aЭкономика европейской интеграции
653 _aევროპული ინტეგრაციის ეკონომიკა
653 _aეკონომიკა
942 _cBK
_2udc